000 00995nam a2200217Ia 4500
003 Ost
005 20260507075116.0
008 260507s9999||||xx |||||||||||||| ||und||
020 _a2184669961
040 _cfsecg
041 _aara
082 _a338.9
100 _aشعباني، اسماعيل
_eمؤلف
245 0 _aمقدمة في اقتصاد التنمية :
_bنظريات التنمية ونمو استراتيجيات التنمية /
_c اسماعيل شعباني
250 _aطبعة 2
260 _aالجزائر:
_bدار هومة للنشر والتوزيع,
_c2004
300 _a141 صفحة؛
_bإيضاحات ؛
_c24 سم
520 _aنظريات التخلف- نظريات التنمية والنمو- التنمية القديمة- نظريات التنمية والنمو الحديثة- استراتيجيات التنمية في بعض الدول حديثة التصنيع
653 _aالتنمية الإقتصادية- نظريات
942 _cكتاب
999 _c43016
_d43016